Score 0/10 Timer 05:00
0 Plays Today
Question Answer Wrong Answers
Which of these is not a word in the title of a Harry Potter book? No Harry Potter and the Rubik's Cube
82.8%
... and the Goblet of FIRE
0.7%
... and the Order of the PHOENIX
12%
... and the Sorcerer's (Emma) STONE
4.4%
Which of these is not a popular poem? No popular poem named John Cleese
80.6%
A Red, Red Rose
4.9%
The Raven
2.1%
Where the Sidewalk Ends
6.6%
Which of these is not a part of a book? Skull is not a part of a book
78.2%
Appendix
10%
Index
9.8%
Spine
1.4%
Which of these is not an important philosopher? Sylvester Stallone is not a philosopher
73.9%
Thomas HOBBES
8.2%
Karl MARX
5%
Francis BACON
7.8%
Which of these is not a child from Willy Wonka and the Chocolate Factory (first or last name)? Dilbert does not visit the Willy Wonka's chocolate factory
72.6%
Charlie BUCKET
4.7%
Veruca SALT
6.6%
VIOLET Beauregarde (Violet Parr)
10.6%
Which of these is not a character from Shakespeare's The Tempest? Frodo is not a character from The Tempest
64.2%
Ariel
11.3%
Iris
6.4%
(Carmen) Miranda
14.2%
Which of these is not a bastard surname from A Song of Ice and Fire? Honey is not a bastard surname
62.7%
Sand
15.1%
Snow
4.9%
Storm
12.5%
Which of these is not a member of the Cratchit family in A Christmas Carol? Sandra Bullock is not a Cratchit
61.6%
Tim (Allen)
7.5%
Bob (Ross)
11%
Martha (Stewart)
13.5%
Which of these is not a tribute at the 75th Hunger Games? Lisa Simpson is not a tribute
53.7%
Brutus
9.9%
Cashmere
16.9%
Gloss
17.6%
Which of these is not a Nobel Laureate in Literature? Jane Fonda is not a Nobel Prize winner
40.5%
Günter GRASS
22%
Bertrand RUSSELL
20.5%
Toni MORRISON (Jim Morrison)
14%
Remove Ads.
Support Sporcle.
Get the best of Sporcle when you Go Orange. This ad-free experience offers more features, more stats, and more fun while also helping to support Sporcle. Thank you for becoming a member.

You're not logged in!

Compare scores with friends on all Sporcle quizzes.
OR
Log In

Show Comments

Extras

Top Quizzes Today


Score Distribution

Your Account Isn't Verified!

In order to create a playlist on Sporcle, you need to verify the email address you used during registration. Go to your Sporcle Settings to finish the process.

Report this User

Report this user for behavior that violates our Community Guidelines.

Details: